Diálogos con Perón : (Record no. 8903)
[ view plain ]
| 000 -LEADER | |
|---|---|
| fixed length control field | 02294nam a22002297a 4500 |
| 003 - CONTROL NUMBER IDENTIFIER | |
| control field | AR-FvUNAJ |
| 005 - DATE AND TIME OF LATEST TRANSACTION | |
| control field | 20230711131318.0 |
| 008 - FIXED-LENGTH DATA ELEMENTS--GENERAL INFORMATION | |
| fixed length control field | 230706b ||||| |||| 00| 0 spa d |
| 020 ## - INTERNATIONAL STANDARD BOOK NUMBER | |
| International Standard Book Number | 9789876030915 (versión impresa) |
| 040 ## - CATALOGING SOURCE | |
| Transcribing agency | AR-FvUNAJ |
| 082 14 - DEWEY DECIMAL CLASSIFICATION NUMBER | |
| Edition number | 14 |
| Classification number | 324.2 |
| 100 1# - MAIN ENTRY--PERSONAL NAME | |
| 9 (RLIN) | 17476 |
| Personal name | Licastro, Julián |
| 245 10 - TITLE STATEMENT | |
| Title | Diálogos con Perón : |
| Remainder of title | lecciones actuales / |
| Statement of responsibility, etc | Julián Licastro |
| 260 ## - PUBLICATION, DISTRIBUTION, ETC. (IMPRINT) | |
| Place of publication, distribution, etc | Buenos Aires : |
| Name of publisher, distributor, etc | Lumiere, |
| Date of publication, distribution, etc | 2012 |
| 300 ## - PHYSICAL DESCRIPTION | |
| Extent | 356 p. |
| 440 ## - SERIES STATEMENT/ADDED ENTRY--TITLE | |
| 9 (RLIN) | 17477 |
| Title | Investigación Histórica |
| Name of part/section of a work | Guillermo Gasio |
| 520 ## - SUMMARY, ETC. | |
| Summary, etc | Por mano y amabilidad del compañero Dr. Cámpora, he recibido su carta del 27 de enero próximo pasado y deseo agradecerle la valiosa información que me remite como su saludo que retribuyo con mi mayor afecto. Hemos conversado largamente con Cámpora y él le podrá explicar de viva voz cuanto hemos considerado sobre nuestras cosas y en especial, lo referente a la organización de la juventud.Es precisamente sobre mi 'problema de la juventud' que deseo hacerle llegar mi total coincidencia con los puntos que me menciona en su carta y, a ese efecto, se la he entregado al Dr. Cámpora para que la comente directo y personalmente con Usted. Lo felicito porque, habiéndome interesado por ese problema, lo he consultado con mucha gente de la que me visita y en caso alguno he encontrado ideas tan claras e interpretación mas justa, de acuerdo a la opinión que tengo al respecto. No sé si estaremos equivocados pero, solo ya en método para encarar el asunto, se percibe el acierto de su apreciación.He leido también el informe que me envía sobre sus actividades: comienzo a felicitarle por el continente, estilo Estado Mayor pero de los buenos. Por algo ha llegado usted tan pronto a General en nuestro Movimiento. En cuanto al contenido también debo felicitar la por la actividad que desarrolla pero mas aun por el contenido de los distintos asuntos qus ha tratado en diversas partes de su actuación.Sígale metiendo que necesitamos jóvenes que, con la capacidad suya y sus condiciones de dirigente, puedan tomar nuestras viejas banderas, ponerlas al dia y llevarlas. |
| 650 24 - SUBJECT ADDED ENTRY--TOPICAL TERM | |
| 9 (RLIN) | 1748 |
| Topical term or geographic name as entry element | HISTORIA POLITICA ARGENTINA |
| 650 24 - SUBJECT ADDED ENTRY--TOPICAL TERM | |
| 9 (RLIN) | 553 |
| Topical term or geographic name as entry element | PERONISMO |
| 942 ## - ADDED ENTRY ELEMENTS (KOHA) | |
| Source of classification or shelving scheme | Dewey Decimal Classification |
| Koha item type | Libro, folleto, traducción |
| 980 ## - EQUIVALENCE OR CROSS-REFERENCE-SERIES STATEMENT--PERSONAL NAME/TITLE [LOCAL, CANADA] | |
| Linkage | 19226 |
| Personal name | Palazón Marcela I. |
| Field link and sequence number | 19226 |
| Miscellaneous information | Palazón Marcela I. |
| Withdrawn status | Lost status | Source of classification or shelving scheme | Damaged status | Not for loan | Home library | Current library | Date acquired | Full call number | Barcode | Date last seen | Copy number | Price effective from | Koha item type |
|---|---|---|---|---|---|---|---|---|---|---|---|---|---|
| Dewey Decimal Classification | Biblioteca Central | Biblioteca Central | 11/07/2023 | 324.2 LICd | UNAJ23070043 | 25/04/2025 | 1 | 11/07/2023 | Libro, folleto, traducción |